• 首页
  • 本馆介绍
  • 公告通知
  • 最新文献
  • 馆藏检索
  • 电子资源
  • 读者导购
  • 参考咨询
  • 我的图书馆
  • 登录
  • 详细信息显示
  • 放入我的书架
  • 预约/预借图书
  • 作者相关作品
  • 分类相关作品
  • 丛书相关作品
  • 出版社相关作品

书目信息

  • 表格格式
  • 工作单格式
  • 卡片格式
题名:
王名扬全集
    
 
作者: 王名扬 著
分册: 4   论文、词条汇编
出版信息: 北京   北京大学出版社  2016
页数: 348页
开本: 23cm
丛书名:
单 册:
中图分类: D912.104
科图分类:
主题词: 行政法--hang zheng fa--文集
电子资源:
ISBN: 978-7-301-25274-1
000 00833nam0 22002411 450
001 1738586729
005 20170628110216.68
010    @a978-7-301-25274-1@dCNY48.00
100    @a20160509d2016 em y0chiy50 ea
101 0  @achi@aeng
102    @aCN@b110000
105    @aa z 000yy
106    @ar
200 1  @a王名扬全集@9wang ming yang quan ji@h4@i论文、词条汇编@f王名扬著
210    @a北京@c北京大学出版社@d2016
215    @a348页@c照片@d23cm
304    @a英文分辑题名:Compilation of academic treatises and dictionary entries
330    @a本书收录了王名扬先生的硕士论文、博士论文、期刊论文和所撰写的《中国大百科全书》词条。
606 0  @a行政法@9hang zheng fa@j文集
690    @aD912.104@v5
701  0 @a王名扬@9wang ming yang@f(1916~2008)@4著
801  0 @aCN@bTANGWEI@c20170621
905    @b1015381-6@dD912.104@e732:4@f6
    
    王名扬全集.4.论文、词条汇编/王名扬著.-北京:北京大学出版社,2016
    348页:照片;23cm
    
    
    ISBN 978-7-301-25274-1:CNY48.00
    本书收录了王名扬先生的硕士论文、博士论文、期刊论文和所撰写的《中国大百科全书》词条。
●
相关链接 在E读中查询图书 在五车中查询图书 在当当中查询图书 在豆瓣中查询图书


正题名:王名扬全集     索取号:D912.104/732:4         预约/预借

序号 登录号 条形码 馆藏地/架位号 状态 备注
1 1015381   210153812   第一样本阅览室/ [索取号:D912.104/732:4] 在馆    
2 1015382   210153821   教育系资料室/ [索取号:D912.104/732:4] 在馆    
3 1015383   210153830   教育系资料室/ [索取号:D912.104/732:4] 在馆    
4 1015384   210153849   教育系资料室/ [索取号:D912.104/732:4] 在馆    
5 1015385   210153858   第一借阅区/ [索取号:D912.104/732:4] 在馆    
6 1015386   210153867   第一借阅区/ [索取号:D912.104/732:4] 在馆    
唐山师范学院图书馆 欢迎您!
大连网信软件有限公司© 版权所有